Name This Country By Finding Out Which Country This Food Originated In - Statistics

General Stats
  • This quiz has been taken 23 times
    8 since last reset
  • The average score is 9 of 16
Answer Stats
Picture Answer % Correct
France
88%
Italy
88%
Mexico
88%
USA
88%
Japan
75%
Spain
75%
China
63%
Turkey
63%
Austria
50%
England
50%
Germany
50%
Brazil
38%
Peru
38%
Switzerland
38%
Pakistan
25%
Kenya
13%
No matching quizzes found
Score Distribution
Percent of People with Each Score
Percentile by Number Answered
Your Score History
You have not taken this quiz since the last reset